Start with E, ends with E 2 - Statistics

General Stats
  • This quiz has been taken 27 times
  • The average score is 7 of 15
Answer Stats
Question Answer % Correct
24th December is one Eve
96%
The whole of Entire
92%
The way in? Entrance
84%
The British, once had a large one Empire
76%
Make bigger Enlarge
76%
Raise Elevate
68%
When you have fun doing something, it is... Enjoyable
52%
The perimeter Edge
40%
Stamina or staying power Endurance
28%
Intermingle Entwine
28%
To defraud Embezzle
24%
Get rid of Eradicate
20%
Make better Enhance
12%
The bringing together, a group Ensemble
12%
To show keenness for something Enthuse
8%
No matching quizzes found
Score Distribution
Percent of People with Each Score
Percentile by Number Answered
Your Score History
You have not taken this quiz